000 00451cam a2200193 4500
001 D6302
008 090401t1974 xxu||||| |||| 00| 0 eng d
035 _a(Sirsi) u57
041 _aeng
050 _a333.336
100 _aKarslake, H. Howard
245 _aIndustrial valuations
260 _aLondon
_bEstates Gazette
_c1974
300 _axxi. 285p. 22cm
350 _a5.75
700 _aNicholls, A.Donald
942 _n0
948 _c04/03/1997
999 _c85481
_d85481